Più grandi città d'Italia sul mare - Statistics

Statistiche generali
  • Questo quiz è stato fatto 740 volte
  • Il punteggio medio è 21 su 30
Statistiche sulle risposte
Abitanti Città % Corretto
582.870 Genova
98%
969.490 Napoli
98%
672.398 Palermo
98%
261.496 Venezia
96%
323.503 Bari
95%
311.651 Catania
92%
236.231 Messina
88%
148.880 Rimini
88%
158.606 Livorno
87%
203.974 Trieste
87%
100.604 Ancona
86%
182.323 Reggio Calabria
85%
93.630 La Spezia
83%
199.153 Taranto
83%
154.194 Cagliari
82%
120.286 Pescara
80%
134.857 Salerno
80%
61.227 Savona
75%
68.370 Trapani
74%
121.933 Siracusa
71%
87.727 Brindisi
70%
63.475 Crotone
54%
94.616 Barletta
46%
94.835 Pesaro
46%
83.071 Marsala
23%
62.265 Viareggio
23%
75.375 Gela
21%
66.061 Castellammare di Stabia
19%
85.631 Torre del Greco
17%
60.811 Fano
16%
Nessun quiz corrispondente trovato
Distribuzione punteggi
Percentuale di utenti per punteggio
Percentile per numero di risposta
I tuoi punteggi nel tempo
Non hai fatto questo quiz